[Event "MK Cafe Cup-A"]
[Site "Koszalin"]
[Date "1999.08.03"]
[Round "1"]
[White "Antoniewski, Rafal"]
[Black "Gritsak, Orest"]
[Result "0-1"]
[WhiteElo "2417"]
[BlackElo "2550"]
[Annotator "Ribli,Z"]
[PlyCount "86"]
[EventDate "1999.08.03"]
[EventType "swiss"]
[EventRounds "9"]
[EventCountry "POL"]
[SourceTitle "CBM 073"]
[Source "ChessBase"]
[SourceDate "1999.12.01"]
[SourceVersion "1"]
[SourceVersionDate "1999.12.01"]
[SourceQuality "1"]

{[%mdl 36]} 1. e4 c5 2. Nf3 Nc6 3. d4 cxd4 4. Nxd4 Qc7 {Heutzutage ist diese
Zugfolge beliebt, denn Schwarz kann auf diese Weise die Variante 4...e6 5.Nb5
vermeiden. Jetzt ist zwar auch 4.Nb5 möglich, aber meines Erachtens weniger
stark. Ribli.} 5. Nc3 e6 6. Be2 a6 7. O-O Nf6 8. Be3 Bb4 {Diese Fortsetzung
hat eigenständige Bedeutung. Statt der Partiefortsetzung kann Schwarz auch mit
8...Be7 oder 8...d6 in 0die Scheveninger Variante übergehen.} 9. Na4 Be7 {
Das ist die moderne Fortsetzung. Nach 9.Na4 steht der Läufer überflüssig auf
b4.} (9... O-O 10. Nxc6 bxc6 11. f4 Rb8 12. Bd3 Be7 13. c4 d6 14. Rb1 c5 15.
Nc3 Bb7 16. Qf3 Rbd8 17. Qh3 Rfe8 18. Rbe1 Nd7 19. f5 exf5 20. Qxf5 Ne5 {
1/2-1/2 Shevelevich,E-Osnos,V/Rostov op 1993 (40)}) 10. Nxc6 (10. c4 Nxe4 11.
c5 O-O 12. Rc1 $44 {Das ist die andere kritische Variante. Weiss hat seinen
e4-Zentrumsbauern geopfert, aber spürbaren positionellen Druck am Damenflügel.}
) 10... bxc6 11. Bd3 (11. Nb6 Rb8 12. Nxc8 Qxc8 13. Bd4 {Diese Variante kommt
stark in Betracht. Weiss besitzt das Läuferpaar und steht aktiver, wenngleich
die schwarze Stellung fest ist.}) 11... c5 {[%cal Gc8b7,Gb7e4,Gc5c4] Schwarz
öffnet die Diagonale a8-h1 und sein Läufer wird gut auf b7 stehen.} (11... d5
12. exd5 cxd5 13. Nb6 Rb8 14. Nxc8 Qxc8 15. Bd4 {[%csl Gd3,Gd4]} O-O 16. Qe2
$14 {[%csl Ra6][%cal Re2a6]}) 12. c4 {Weiss muss so spielen, schwächt aber das
Feld d4.} Bb7 13. Nc3 O-O (13... d6 14. f4 Nd7 15. Qh5 g6 16. Qh3 f5 17. Bf2
Nf6 18. Rae1 O-O 19. Bh4 Rae8 20. Bg5 Bd8 21. Qh4 fxe4 22. Nxe4 Nxe4 23. Bxe4
Bxe4 24. Rxe4 Bxg5 25. Qxg5 Rf5 26. Qg3 Qb7 27. Qd3 {1-0 Stefansson,
H-Vukadinov,M/Winnipeg 1997/CBM 60 ext (43)}) (13... h5 {Diese extravagante
Fortsetzung ist interessant. Schwarz rochiert nicht, denn sein König ist in
der Mitte in Sicherheit.} 14. h3 h4 15. Qd2 (15. f4 Nh5 {[%csl Yg3][%cal Gh5g3]
}) 15... d6 16. Rab1 Rd8 (16... Nd7 17. f4 {Der schwarze Springer ist weit von
...Nh5-g3 entfernt. Daher kann Weiss so spielen.}) 17. Bg5 $5 Nh7 18. Bf4 Nf8 {
[%cal Gf8g6,Gg6e5]} 19. b4 cxb4 20. Rxb4 Nd7 $13 {[%cal Gd7c5]}) 14. f4 d6 (
14... d5 15. exd5 (15. e5 d4 $1 {[%cal Rd4c3,Rd4e3]} 16. exf6 Bxf6 17. Ne4 Bxe4
18. Bxe4 dxe3 $44 {[%csl Ge3][%cal Gf6a1]}) 15... exd5 16. Nxd5 Nxd5 17. cxd5
c4 (17... Rad8 18. Bc4) 18. Qc2 {[%csl Rc4][%cal Rc2h7,Gc2c7]} Bc5 19. Bxc5
Qxc5+ 20. Rf2 Bxd5 21. Bxh7+ Kh8 22. Be4 $14) 15. Qf3 Nd7 (15... Rfe8 16. Qh3
d5 17. e5 Ne4 18. cxd5 exd5 19. Nxe4 dxe4 20. Bc4 Bc8 21. Qh5 Be6 22. Bxe6 fxe6
23. Qe2 Qc6 24. Rac1 Red8 25. Rc4 Qd5 26. Bc1 Rab8 27. Qxe4 {1-0 Stefansson,
H-Franzoni,G/Manila olm .3) 1992 (60)}) (15... Rad8 16. Qh3 (16. Rad1 g6 (16...
Bc6 17. Qh3 Qb7 18. e5 Ne4 19. b3 g6 20. Bxe4 Bxe4 21. exd6 Bxd6 22. Nxe4 Qxe4
23. Qg3 Rd7 24. Qf3 Qxf3 25. Rxf3 Rfd8 26. Kf1 Be7 {1/2-1/2 Renet,O-Horvath,J/
SWZ-chI 1992 (46)}) 17. Bb1 Rfe8 18. Qh3 d5 $1 19. cxd5 exd5 20. Nxd5 Nxd5 21.
exd5 Rxd5 22. Rxd5 Bxd5 23. f5 $2 Qe5 $1 $15) 16... Rfe8 17. Rae1 Nd7 18. Rf3
Nf8 19. f5 $13 {1/2-1/2 Shirov,A-Anand,V/Wijk aan Zee 1999/CBM 69_07/[Ribli] 
(40)}) (15... Bc6 $5) (15... d5 16. exd5 $5 (16. cxd5 c4 17. Bc2 exd5 18. e5 $1
d4 {[%cal Rd4e3,Rd4c3,Rb7f3]} 19. Qh3 {[%csl Rh7]} Bc8 20. Nd5 $1 Bxh3 21. Nxc7
dxe3 22. exf6 Bc5 {[%csl Rg1][%cal Re3e2,Rc5g1]} 23. Nxa8 e2+ 24. Rf2 $16)
16... Rad8 17. Rad1 $16) 16. Qh3 {[%cal Gh3h7,Gd3h7]} Rfe8 {Ein guter
prophylaktischer Zug. Schwarz schwächt sich nicht die Königsstellung
freiwillig mit ...g6, sondern macht diesen nützlichen Wartezug.} (16... g6 17.
Rf3 Bf6 18. g4 Rab8 19. g5 Bg7 20. Qh4 Rfe8 21. Rh3 Nf8 22. Rc1 d5 23. cxd5
exd5 24. exd5 Bc8 25. Rf3 Rxb2 26. Ne4 Qd7 27. Rxc5 Qa4 {0-1 Lengyel,
B-Szabolcsi,J/Budapest 1983 (44)}) (16... Qc8 17. Rf3 g6 18. Qh6 f5 19. Nd5 Rf7
20. exf5 exd5 21. fxg6 Rg7 22. Rg3 Kh8 23. Bf5 d4 24. Bd2 Bf8 25. Rh3 Qe8 26.
Re1 Be7 27. Qxh7+ Rxh7 28. Rxh7+ Kg8 29. Be6+ {1-0 Schlusnik,N-Boer,L/Tapolca
Open, Budapest HUN 1999 (29)}) 17. f5 $6 {Weiss will um jeden Preis aktiv
spielen, aber diese Fortsetzung hilft nur Schwarz. Es wäre besser, 17.Kh1 oder
17.Rad1 zu spielen.} (17. Rad1 g6 18. Bb1 Rad8 19. f5 exf5 20. exf5 Bf6 21. Kh1
Re7 22. Bf4 Nf8 23. Bh6 Qd7 24. Qd3 Bd4 25. fxg6 hxg6 26. Qg3 Be5 27. Qh4 Nh7
28. Ne4 Bxe4 29. Bxe4 Bxb2 {1/2-1/2 Kuczynski,R-Ribli,Z/Tilburg1.11 1992 (29)})
(17. e5 g6 $11 (17... Nf8 $11)) 17... exf5 18. Qxf5 (18. exf5 Bf6 $15 {[%cal
Rf6c3,Re8e3,Gd4g1] Weiss muss mit 19...Rxe3 20.Qxe3 Bd4 rechnen.Ribli.}) 18...
Bf6 $11 {[%csl Gb7,Yd5,Gf6][%cal Gf6a1] Schwarz hat zwei gute Läufer in den
langen Diagonalen und kann mit dem Ergebnis der Eröffnung zufrieden sein.} 19.
Rac1 (19. Nd5 Bxd5 20. cxd5 Ne5 $15 {[%csl Ge5]}) 19... Ne5 {[%csl Ge5] Der
Springer steht ausgezeichnet auf e5.} 20. Be2 Ng6 {[%csl Re4]} 21. Bd3 {
Weiss wäre zufrieden mit Zugwiederholung.} Rab8 {[%cal Gb8b2]} (21... Bxc3 22.
Rxc3 Re5 $5) 22. b3 Bxc3 $1 {Schwarz gibt das Läuferpaar auf und nimmt dem
Bauern e4 so einen Verteidiger.} 23. Rxc3 Re5 $15 {[%csl Re4,Ge5] Mit
einfachen Zuegen bekommt Schwarz Spiel gegen den Bauern e4.} 24. Qg4 Rbe8 {
[%csl Re4][%cal Re8e4]} 25. Bf4 Nxf4 26. Qxf4 R8e6 {Dieser Zug ist nicht
schlecht, aber Schwarz konnte auch sofort den e4-Bauern nehmen.} (26... Bxe4
$17) 27. Bb1 (27. Re1 Qe7 $17 {[%csl Re4][%cal Re7e4]}) 27... Bxe4 28. Bxe4
Rxe4 $17 {[%csl Ge4,Ge6] Schwarz hat einen Bauern gewonnen und kontrolliert
die e-Linie.} 29. Qf3 Qe7 {[%cal Ge7e1,Ge6f6,Gf6f1] Schwarz verstärkt seinen
Druck in der e-Linie und bereitet 30...Rf6 vor.} 30. Rd3 Rf6 31. Qd1 Rxf1+ 32.
Kxf1 (32. Qxf1 Re1 $19 {[%cal Re1g1]}) 32... Qf6+ 33. Kg1 (33. Rf3 Qe5 {
[%cal Ge5h2]}) 33... Qe5 {[%cal Re4e1,Re1g1,Re1d1] Schwarz hat starken Angriff
gegen die schwache weisse Königsstellung.} 34. Qf3 g6 {Schwarz befreit seine
Grundreihe.} (34... Re1+ 35. Kf2) 35. Rxd6 Re1+ (35... Qxd6 $2 36. Qxe4 $11)
36. Kf2 Ra1 {[%csl Rf2][%cal Ra1a2,Ra2f2,Re5e1,Re1f2] Es haengt der a2-Bauer
mit Schach und droht Matt auf e1.} 37. Rd1 Rxa2+ 38. Kg1 Re2 {[%cal Ge5e1]} 39.
Rf1 {[%csl Rf7][%cal Rf1f7]} (39. h3 $17) 39... Qe6 40. Qd5 $2 {Die weise
Stellung ist schwierig, aber diese Fortsetzung verliert sofort.} (40. h3 $17)
40... Qe3+ 41. Kh1 Qf2 $1 $19 {[%csl Ge2,Gf2,Rh1] Einer schöner Zug, der gegen
die schwache Grundreihe gerichtet ist.} 42. Qf3 (42. Rxf2 Re1+ $19) (42. Rg1
Re1 $19 {[%csl Rh1]}) 42... Qxf3 43. gxf3 Rb2 {[%cal Rb2b3] Weiss gab auf. Er
verliert einen weiteren Bauern und hat keinerlei Rettungschancen.} (43... Rb2
44. Ra1 Rxb3 45. Kg2 (45. Rxa6 Rxf3 46. Rc6 Rf5 $19) 45... Rb4 46. Rxa6 (46.
Rc1 a5 $19) 46... Rxc4 $19) 0-1

[Event "MK Cafe Cup-A"]
[Site "Koszalin"]
[Date "1999.08.05"]
[Round "3"]
[White "Dvoirys, Semen I"]
[Black "Gritsak, Orest"]
[Result "1-0"]
[WhiteElo "2590"]
[BlackElo "2550"]
[Annotator "Ribli,Z"]
[PlyCount "84"]
[EventDate "1999.08.03"]
[EventType "swiss"]
[EventRounds "9"]
[EventCountry "POL"]
[SourceTitle "CBM 073"]
[Source "ChessBase"]
[SourceDate "1999.12.01"]
[SourceVersion "1"]
[SourceVersionDate "1999.12.01"]
[SourceQuality "1"]

{[%mdl 16896]} 1. e4 c5 2. Nf3 e6 3. d4 cxd4 4. Nxd4 Nc6 5. Nc3 Qc7 6. f4 Nxd4
{Das ist die beste Zugfolge für Schwarz. Im Falle von 6...a6 muss er mit 7.
Nxc6 rechnen, wonach Weiss etwas Eröffnungsvorteil erringt. Mit der
Partiefortsetzung spielt Schwarz eine ähnliche Stellung, aber die weisse Dame
wird nach auf d4 gelenkt. Ribli.} 7. Qxd4 a6 8. Be3 b5 9. Be2 Bb7 10. Bf3 {
Weiss hat zwei andere Fortsetzungen: 10.0-0 oder 10.0-0-0.} (10. O-O-O Rc8 {
[%cal Gc8c1] Schwarz hat starken Druck in der c-Linie.}) (10. O-O Rc8 11. Rad1
(11. Rfd1 Nf6 12. e5 Nd5 13. Nxd5 Bxd5 14. a4 Qb8 $13) 11... Nf6 12. Bf3 h5 13.
h3 h4 {Mit Zugumstellung haben wir unsere Partiestellung.}) 10... Rc8 11. O-O
h5 $1 (11... Nf6 $2 12. e5 $1 Bxf3 $140 13. exf6 $1 $18 {[%cal Rf1f3,Rf6g7,
Rg7f8,Rg7h8]}) 12. Rad1 Nf6 {[%cal Gf6g4]} 13. h3 {Weiss muss ...Ng4
verhindern.} (13. Kh1 Be7 14. Rd2 d6 15. a4 b4 16. Nd1 O-O 17. Nf2 e5 $36 {
Nunn,J-Andersson,U/Szirak izt/1987/CBM03/INF44,212/}) 13... h4 {[%csl Yg3]
[%cal Gf6h5,Gh5g3]} 14. Rf2 {Dieser Zug wurde zuerst von Dvoirys selbst vor
vier Jahren gespielt (Dvoirys,S - Tregubov,P RUS-chT 1994). Weiss plant Rfd2
mit grossem Druck in der d-Linie.} (14. e5 Nh5 15. Bxb7 Qxb7 16. f5 (16. Qe4
Qxe4 17. Nxe4 Rxc2 18. Rc1 Rc6 19. Rfd1 Ng3 $17) (16. Ne4 $11) 16... Ng3 17.
fxe6 dxe6 18. Bg5 Qc7 19. Kh2 Nxf1+ 20. Rxf1 Rh5 21. Ne4 Bc5 22. Nd6+ {0-1
Vancsura,Z-Lau,R/Budapest 1988/CBM 08 (22)}) 14... Bc5 (14... Be7 15. e5 Nh5
16. Ne4 {1/2-1/2 Sanz Alonso,F-De la Riva Aguado,O/Spanish Teams, Salamanca
ESP 1998 (16)}) 15. Qd3 {Dieser Damenzug bietet mehr als 15.Qxc5, was in der
Stammpartie der 15.Rf2-Variante gespielt wurde. Weiss behält die Damen auf dem
Brett.} (15. Qxc5 Qxc5 16. Bxc5 Rxc5 17. Rd6 Ke7 $5 (17... b4 $6 18. Na4 Ra5
19. Rb6 Bxe4 20. Rxb4 Rb5 21. Rc4 $16 {Dvoirys,S-Tregubov,P/RUS-chT/Moscow/
1994/EXP45/INF63,152/}) 18. Rb6 Bc6 19. Rxa6 Nh5 $5 20. Bxh5 Rhxh5 21. a4 $5
bxa4 22. Nxa4 Rc4 23. Nc3 Bxe4 {1/2-1/2 Anka,E-Landa,K/Balatonbereny 1995/CBM
50/[Ribli] (51)}) 15... Bxe3 (15... Bb4 $2 16. Bd4 $16) 16. Qxe3 O-O $6 {
Diser Zug gefällt mir nicht. Der König kann zwar nicht ewig in der Mitte
bleiben, ab es wäre besser, zuerst den Nc3 zu vertreiben.} (16... b4 17. Na4
O-O 18. Nb6 Rcd8 19. e5 Bxf3 20. Qxf3 Ne8 {1/2-1/2 Dvoirys,S-Tregubov,P/St.
Petersburg 1998/CBM 67/[Ribli] (45)}) (16... d6 $2 17. Rfd2 {[%csl Rd6][%cal
Rd1d6]}) 17. e5 $14 {Stände der weisse Springer nicht mehr auf c3, könnte
Schwarz seinen Springer nach d5 ziehen.} Bxf3 (17... Ne8 18. Bxb7 Qxb7 19. Rfd2
$16 {[%csl Rd7][%cal Rd1d7]}) 18. Qxf3 Ne8 {[%csl Re8] Das ist ein genügsamer
Platz für den Springer.} 19. Rfd2 $14 {[%csl Rd7]} (19. a3 f6 $132) 19... b4
20. Ne4 {[%csl Yd6,Rd7][%cal Ge4d6,Rd1d7] Weiss hat starken Druck in der
d-Linie. das Feld d6 ist besonders schwach.} f6 {Das ist die einzige schwarze
Möglichkeit, Gegenspiel zu entwickeln. Allerdings wird die Königsstellung
geschwächt.} 21. Qh5 {[%csl Rg8,Rh4]} (21. Rxd7 Qxc2 22. exf6 Nxf6 23. Nxf6+
Rxf6 24. Qb7 $16) 21... Qb6+ 22. Kh1 Qe3 {[%csl Ge3][%cal Re3e4,Re3f4] Schwarz
aktiviert die Dame und alles scheint in Ordnung, denn f4 und e4 hängen.} {[#]}
23. Nxf6+ $1 (23. exf6 $4 Qxe4 $19) 23... Nxf6 (23... gxf6 $2 24. Qg6+ Ng7 (
24... Kh8 25. Rxd7 $18) 25. Rxd7 $18) 24. exf6 Rxf6 25. Rxd7 {[%csl Gd7,Rh4,
Gh5][%cal Gd7a7,Gd7h7] Der weisse Turm steht aktiv auf d7.} Qxf4 (25... Rxf4 $2
26. Rxg7+ Kxg7 27. Rd7+ $18 {[%csl Gd7,Rg7,Gh5]}) (25... Rxc2 $2 26. Rd8+ (26.
Rxg7+ Kxg7 27. Rd7+ $18 {[%csl Rg7]}) 26... Rf8 27. Rxf8+ Kxf8 28. Rd8+ Ke7 29.
Qg5+ Kf7 30. Rd7+ $18) 26. R7d4 {[%cal Rd4h4,Rd4b4]} Qf5 27. Qxh4 Rh6 $2 (27...
Qxc2 28. R4d2 $14) (27... Rxc2 $2 28. Rd8+ Rf8 29. Rxf8+ Kxf8 (29... Qxf8 30.
Rd8 $18 {[%cal Rd8g8]}) 30. Qh8+ Ke7 (30... Kf7 31. Rd7+ $18) 31. Qxg7+ $18)
28. Rd8+ Kh7 (28... Rxd8 29. Rxd8+ Kh7 30. Qc4 $16) 29. Qxh6+ $1 {Weiss gibt
die Dame gegen zwei Türme.} (29. Qg3 Rxc2 $11) 29... Kxh6 (29... gxh6 30. Rxc8
$16) 30. Rxc8 $16 {Weiss hat zwei Türme und einen Bauern für die Dame und die
schwarze bauernstruktur ist schwach.} Qe5 {[%cal Re5b2]} 31. b3 Qe2 32. Rd3 e5
(32... Qe1+ 33. Kh2 Qe5+ 34. Rg3 $16) 33. Rg3 {[%csl Rh6][%cal Rc8h8,Rh8h6] Es
droht Matt auf h8.} g5 34. Rg8 {[%csl Rg5]} Qxc2 (34... Qd2 35. R8xg5 Qxg5 36.
Rxg5 Kxg5 37. Kg1 $18) 35. R8xg5 Qxa2 36. R5g4 {[%cal Rg4h4,Rh4h6] Der
schwarze König ist in schwerer Not.} (36. Rxe5 $4 Qa1+ $19 {[%cal Ra1h1,Ra1e5]}
) 36... Kh5 37. Kh2 (37. Rxb4 $5 $18) 37... Qd2 {[%cal Gd2b4]} 38. Re4 {
[%csl Ge4,Re5][%cal Re4e5]} Qh6 39. Reg4 $6 {Der Textzug ist auch nicht
schlecht, aber Matt in zwei wäre natürlich besser!} (39. Rxe5+ Kh4 40. Rg4#)
39... a5 40. Rg8 {[%cal Gg8a8,Ga8a5]} Qf6 41. Ra8 $18 {Weiss gewinnt den
a-Bauern.Schwarz kann ihn nicht verteidigen wegen der potetiellen Mattdrohung
auf h8.} e4 42. Rxa5+ Kh6 {Und Schwarz gab gleichzeitig auf. Selbst wenn Weiss
nichts einfällt, kann er zum Beispiel einfach ins Bauernendspiel abwickeln,
das natürlich leicht gewonnen ist.} (42... Kh6 43. Rag5 e3 44. Rg6+ Qxg6 45.
Rxg6+ Kxg6 46. Kg3 $18) 1-0

[Event "Hasselbacken"]
[Site "Stockholm"]
[Date "2001.08.04"]
[Round "8"]
[White "Hermansson, Emil"]
[Black "Cramling, Pia"]
[Result "1/2-1/2"]
[WhiteElo "2381"]
[BlackElo "2510"]
[Annotator "Ribli,Z"]
[PlyCount "51"]
[EventDate "2001.07.28"]
[EventType "tourn"]
[EventRounds "9"]
[EventCountry "SWE"]
[EventCategory "9"]
[SourceTitle "CBM 085"]
[Source "ChessBase"]
[SourceDate "2001.11.13"]
[SourceVersion "1"]
[SourceVersionDate "2001.11.13"]
[SourceQuality "1"]

1. e4 c5 2. Nf3 e6 3. d4 cxd4 4. Nxd4 Nc6 5. Nc3 Qc7 6. f4 a6 {Dieser Zug ist
vielleicht nicht schlecht, aber nach meiner persönlichen Meinung ist 6... Nxd4
7.Qxd4 a6 logischer, da in diesem Fall die weiße Dame auf d4 exponiert wäre.}
7. Be2 b5 (7... Nxd4 8. Qxd4 b5) 8. Nxc6 Qxc6 (8... dxc6 9. e5 $14) 9. Bf3 Bb7
10. Be3 (10. O-O $6 b4 11. Nb1 Nf6 12. Re1 d5 13. e5 Ne4 14. Be3 Bc5 15. Bxe4
dxe4 16. Nd2 O-O $15) (10. e5 Qc7 11. Ne4 Rc8 12. O-O Nh6 13. Be3 Nf5 14. Bf2
d5 15. exd6 Bxd6 16. Nxd6+ Nxd6 17. Bxb7 Nxb7 $11) 10... Rc8 11. Qd4 (11. O-O
Bc5 12. Qe1 Qb6 13. Bxc5 Qxc5+ 14. Kh1 b4 $13) (11. e5 Qc7 12. O-O Ne7 13. Bxb7
Qxb7 14. Qd3 Nf5 15. Bf2 h5 $13) (11. Qd3 Qc4 (11... Bb4 12. Bd4 Nf6 13. O-O-O
Bxc3 14. Bxc3 Qc4 15. Rhe1 $14) 12. O-O-O Nf6 $11) 11... h5 {Ein typischer
prophylaktischer Zug in solchen Stellungen - nachfolgend kann Schwarz Nf6-g4
oder Nh6-g4 spielen.} (11... b4 12. e5 Qc7 13. Ne4 Bxe4 14. Bxe4 Nh6 15. O-O-O
Ng4 16. h3 Nxe3 17. Qxe3 d5 18. exd6 Bxd6 {1/2-1/2 Kosanovic,G-Paunovic,D/JUG
1997/EXT 99 (27)}) (11... Qc4 12. O-O-O Qxd4 13. Bxd4 (13. Rxd4 Ne7 14. Rhd1
Bc6 15. a3 h6 16. R4d3 Rg8 17. h4 Rb8 18. Bd2 Nc8 19. e5 Bxf3 20. Rxf3 Nb6 21.
Rd3 f5 {1/2-1/2 Lukin,A-Fominyh,A/Katowice op 1993/TD 93\03 (45)}) 13... Ne7
14. a3 d6 15. Rhe1 Nc6 16. Bb6 Be7 17. e5 dxe5 18. fxe5 Ba8 19. Re2 O-O 20. Rd7
Bg5+ 21. Kb1 Bf4 22. Bxc6 Bxc6 {0-1 Ivanisevic Ivan-Abramovic Bosko/Ch
Yugoslavia op 1995 (58)}) (11... Qd6 12. Qa7 Qb8 13. Qxb8 Rxb8 14. a3 d6 15.
Kf2 Nf6 16. Bd4 Nd7 17. g3 Rg8 18. h4 Be7 {1-0 Kupper,J-Penrose,J/Enschede
1963/EXT 2001 (58)}) 12. O-O (12. e5 Qc7 13. Ne4 (13. O-O Bxf3 14. Rxf3 Nh6 $11
{[%cal Gh6f5,Gh6g4]}) 13... Bxe4 (13... Nh6 $2 14. Nd6+ Bxd6 15. exd6 $18) 14.
Bxe4 d5 15. exd6 Qxd6 16. Qxd6 Bxd6 $11) 12... Qc5 13. Qd3 (13. Qxc5 Bxc5 14.
Bxc5 Rxc5 15. a3 $11) (13. a3) 13... Qxe3+ $5 {[%mdl 64] Dieses zeitweilige
Damenopfer führt zu Vereinfachungen.} (13... Qc4) 14. Qxe3 Bc5 {[%cal Rc5g1]}
15. Kf2 (15. Qxc5 Rxc5 16. a3 $11) 15... Nf6 (15... Bxe3+ 16. Kxe3 b4 17. Na4
Rxc2 18. Rac1 Rxc1 19. Rxc1 $44) 16. h3 h4 (16... Bxe3+ 17. Kxe3 b4 18. Na4
Rxc2 {Schwarz hat einen Bauern mehr, aber der Gegner hat Initiative am
Damenflügel.} 19. Rac1 Rxc1 20. Rxc1 Ke7 21. Nc5 Rc8 22. e5 Nd5+ 23. Kd2 $44)
17. Rfd1 Bxe3+ {Die weiße Drohung war 18.Rd4, so hatte Schwarz keine
Alternative.} 18. Kxe3 $11 {Der weiße König ist gut zentralisiert, aber
Schwarz hat eine verteidigungsfähige Stellung ohne Schwächungen.} Nh5 {[%cal
Gh5g3]} 19. Rd4 {[%mdl 32] Ein vielseitiger Zug - Weiss verteidigt sich gegen
die Möglichkeit b5-b4 und bereitet die Turmverdoppelung auf der d-Linie vor.} (
19. Bxh5 Rxh5 $11) 19... Ng3 {[%csl Gg3] Der Springer steht gut auf g3 - wenn
Weiss e4-e5 zieht, muss er immer mit Nf5 rechnen.} 20. a4 {Weiss beginnt
Aktionen am Damenflügel.} (20. Rad1 Bc6 $11) 20... Bc6 (20... bxa4 $6 21. Rdxa4
$14) 21. axb5 axb5 22. Ra5 {Es scheint auf ersten Blick, dass der b5P schwach
ist, aber Schwarz muss den b5-Bauern nicht verteidigen, da auch c2 hängt.} Ke7
23. Kd3 $6 (23. Nxb5 Bxb5 24. Rxb5 Rxc2 $11) 23... Ra8 $1 {Nach diesem Zug
muss Weiss den stolzen a5-Turm tauschen.} 24. Rxa8 Rxa8 25. Rb4 Ra5 $15 {
[%csl Ga5] Der b5P ist verteidigt und Schwarz kontrolliert die a-Linie. Nach
meiner Meinung - dank seines besseren Figurenspiels - steht Schwarz etwas
besser.} 26. Kd4 (26. Kd4 d6 $15) 1/2-1/2